Регионална библиотека "Любен Каравелов" - Русе

Промышленная история Англии (Запис номер 401956)

MARC детайли
000 -Лидер
Контролно поле с фиксирана дължина nam a22 a 4500
003 - Код на организацията, давaща контролен номер
Контролно поле BLK
005 - Дата и час на последна редакция
Контролно поле 20210329130019.0
008 - Елементи от данни с фиксирана дължина
fixed length control field 210323b bu |||||r|||| 00| | bu d
040 ## - Източник на каталожния запис
Идентификатор на билиотеката - собственик на записа BLK
041 ## - Код за език
Код за езика на текст/звукозапис или на отделно заглавие Руски
Код за езика КДБФ Руски
080 ## - УДК
Текстов определител УДК Общи въпроси и теория на текстилната промишленост
УДК код - определител по УДК 677.01
УДК - код + определител 677.01
100 ## - Редна дума - Автор
R(LIN) 1299
Автор Гиббинс, Г.
Авторска отговорност първи автор
139 ## - Редно поле
Редна дума Гиббинс, Г.
245 ## - Сведения за заглавието
Заглавие Промышленная история Англии
Редно поле (дума) Г. Гиббинс.
250 ## - Област на изданието
Сведения за изданието 2 изд. с прим. и прил.
260 ## - Област на издателските данни
9 (RLIN) 443988
Място на издаване, разпространение и проч. Санкт-Петербург
Година на издаване 1898
300 ## - Физическа характеристика
Страници 238 с. разд. паг., .
Илюстрации и др. 17 л. план
Размери/Мащаб 21 см
380 ## - Жанр
Жанр Техника
490 ## - СЕРИИ (Колекции)
9 (RLIN) 435558
Име на серия Культурно-историческая библиотека
№: серия 1
700 ## - Други автори (авторска отговорност)
9 (RLIN) 966
Лично име Каменский, А. В.
Автороска отговорност (Описва отношението между автора и произведението) прев.
852 ## - Местоположение
Форматна сигнатура Цб Рр 898
999 ## - СИСТЕМНИ КОНТРОЛНИ НОМЕРА
Koha biblionumber 401956
Koha biblioitemnumber 401956
942 ## - АРТИКУЛИ
Вид на библиотечния материал Книги
Скрит в OPAC Не
Периодичен библиозапис Да
944 ## - СЪЗДАВАНЕ И РЕДАКЦИЯ на ЗАПИСА
Създаване/Редакция Създаване
Дата на регистрацията/редакция 2021-03-23
Служител, извършил регистрацията/редакцията А.М.
999 ## - СИСТЕМНИ КОНТРОЛНИ НОМЕРА
Koha biblioitemnumber 401956
999 ## - СИСТЕМНИ КОНТРОЛНИ НОМЕРА
Koha biblioitemnumber 401956
999 ## - СИСТЕМНИ КОНТРОЛНИ НОМЕРА
Koha biblioitemnumber 401956
Наличности
Код за отписване Код за изгубен артикул Източник на класификационната схема Код за повреда Коз за рестрикции Код за отдаване Артикулен № Име на библиотеката - собственик Име на библиотеката, в която се намира в момента Статус (Текущо местоположение) Дата на вписване в системата Местоположение - отдел Цена в лева Инвентарен номер Систематично азбучна сигнатура Баркод Цена в евро Служебен тип на артикула
  Не е изгубен Universal Decimal Classification Не е повреден само за читалня Специални фондове ( старопечатни, редки и ценни, фонд М. Арнаудов) 856439 Регионална библиотека "Любен Каравелов" Русе Регионална библиотека "Любен Каравелов" Русе Редки и ценни 2021-09-29 Редки и ценни 0.02 13787 Рр 898 900000043014 0.01 Книги
Vip Innovations Ltd, Rousse, Bulgaria 2025